Online contaminated land exposure website (Record no. 117231)

MARC details
000 -LEADER
fixed length control field 01144cam a2200241 4500
001 - CONTROL NUMBER
control field WB4015-12
008 - FIXED-LENGTH DATA ELEMENTS--GENERAL INFORMATION
fixed length control field 040422n2004 000 0 eng u
035 ## - SYSTEM CONTROL NUMBER
System control number (Sirsi) u125909
245 ## - TITLE STATEMENT
Title Online contaminated land exposure website
260 ## - PUBLICATION, DISTRIBUTION, ETC.
Date of publication, distribution, etc. 2004
490 ## - SERIES STATEMENT
Series statement RICS Environment Faculty News
Volume/sequential designation 19 April 2004 (1)
520 ## - SUMMARY, ETC.
Summary, etc. The Environment Agency has published its new Contaminated Land Exposure Assessment (CLEA) website. The site provides the latest information on the updates to the Agency's CLEA model and a timetable for the publication of toxicological and soil guideline value reports. RICS press release http://www.rics.org/ricscms/bin/show?class=News&te mplate=/includes/shownews.html&id=8746&faculty=Env ironment&faculty=All Faculties. CLEA website http://www.environment-agency.gov.uk/subjects/land quality/113813/672771/?version=1&lang=_e.
590 ## - LOCAL NOTE (RLIN)
Local note WB
590 ## - LOCAL NOTE (RLIN)
Local note WB
650 ## - SUBJECT ADDED ENTRY--TOPICAL TERM
Topical term or geographic name entry element CONTAMINATED LAND EXPOSURE ASSESSMENT
650 ## - SUBJECT ADDED ENTRY--TOPICAL TERM
Topical term or geographic name entry element CONTAMINATED LAND
650 ## - SUBJECT ADDED ENTRY--TOPICAL TERM
Topical term or geographic name entry element SOIL GUIDELINE VALUES
650 ## - SUBJECT ADDED ENTRY--TOPICAL TERM
Topical term or geographic name entry element SOIL
650 ## - SUBJECT ADDED ENTRY--TOPICAL TERM
Topical term or geographic name entry element CLEA
650 ## - SUBJECT ADDED ENTRY--TOPICAL TERM
Topical term or geographic name entry element INTERNET
690 ## - LOCAL SUBJECT ADDED ENTRY--TOPICAL TERM (OCLC, RLIN)
Topical term or geographic name as entry element ENVIRONMENT-CONTAMINATION
942 ## - ADDED ENTRY ELEMENTS (KOHA)
Suppress in OPAC 0
Holdings
Withdrawn status Lost status Source of classification or shelving scheme Damaged status Not for loan Home library Current library Shelving location Date acquired Total Checkouts Full call number Barcode Date last seen Copy number Price effective from Koha item type
    Dewey Decimal Classification     London London News article 22/04/2004   WB4015-12 125909-1001 06/08/2019 1 06/08/2019 News article